000 00647nam a2200133Ia 4500
008 220620s9999||||xx |||||||||||||| ||und||
022 _a16648714
100 _aLynne E. Bernstein||Einat Liebenthal
245 0 _aNeural Mechanisms of Perceptual Categorization as Precursors to Speech Perception
546 _aEnglish[eng]
650 _aAudiovisual processing||Neuroimaging||category learning||auditory processing||Phonemic perception||Speech Perception||Categorization||Neural mechanism
856 _uhttp://journal.frontiersin.org/researchtopic/2017/neural-mechanisms-of-perceptual-categorization-as-precursors-to-speech-perception
942 _cEB
999 _c33542
_d33542